المختار من رسائل الجاحظ : (Record no. 12640)
[ view plain ]
| 000 -الفاتح | |
|---|---|
| حقل البيانات ثابتة الطول | 01208cam a22002775i 4500 |
| 003 - محدد رقم الضبط | |
| رقم الضبط | EG-ScBUE |
| 005 - وقت وتاريخ اخر تعامل مع التسجيلة | |
| رقم الضبط | 20200113130114.0 |
| 008 - عناصر البيانات ثابتة الطول - معلومات عامة | |
| حقل البيانات ثابتة الطول | 090820s1998 ua f 000 i ara d |
| 020 ## - الرقم الدولى المعيارى للكتب | |
| الرقم الدولى المعيارى للكتاب | 9770157252 |
| 040 ## - مصدر الفهرسة | |
| وكالة الفهرسة الأصلية | EG-ScBUE |
| لغة الفهرسة | ara |
| قواعد الوصف | rda |
| وكالة النسخ | EG-ScBUE |
| وكالة التعديل | EG-ScBUE |
| 082 04 - رقم تصنيف ديوى العشرى | |
| رقم التصنيف | 892.7634 |
| رقم المادة | ج ا ح |
| رقم الطبعة | 22 |
| 100 0# - المدخل الرئيسى - إسم شخصى | |
| الإسم الشخصى | جاحظ، عمرو بن بحر، |
| التواريخ المصاحبة للاسم | 767-869، |
| الدور | مؤلف. |
| 245 12 - بيان العنوان | |
| العنوان | المختار من رسائل الجاحظ : |
| بقية العنوان | الحنين إلى الأوطان - الأوطان والبلدان / |
| بيان المسئوليه,etc | تحقيق وشرح عبد السلام هارون. |
| 264 #1 - النشر، التوزيع | |
| مكان الناشر او الموزع | [القاهرة] : |
| اسم الناشر او الموزع | الهيئة المصرية العامة للكتاب، |
| تاريخ النشر أو التوزيع | 1998. |
| 300 ## - الوصف المادى | |
| التعداد | 86 صفحة ؛ |
| أبعاد الوعاء | 20 سم. |
| 336 ## - نوع المحتوى | |
| source | rdacontent |
| Carrier Type Term | نص |
| Content Type Code | txt |
| 337 ## - نوع الوسيط | |
| source | rdamedia |
| Media Type Term | بدون وسيط |
| Media Type Code | n |
| 338 ## - نوع الحامل أو الناقل | |
| source | rdacarrier |
| Carrier Type Term | مجلد |
| Carrier Type Code | nc |
| 490 0# - بيان السلسلة | |
| عنوان السلسلة | مهرجان القراءة للجميع. |
| -- | مكتبة الأسرة. |
| -- | التراث |
| 590 ## - تبصرة محلية(RLIN) | |
| تبصرة محلية | rana gobara |
| 650 #7 - المدخل الاضافى بالموضوع-مصطلح موضوعى | |
| مصطلح موضوعي أو اسم جغرافي كعنصر مدخل | الرسائل العربية |
| التقسيم الفرعي العام | تاريخ |
| التقسيم الفرعي الزمني | العصر العباسي. |
| مصدر الرأس أو المصطلح | BUEsh |
| 9 (RLIN) | 8553 |
| 653 ## - مصطلح تكشيفى غير مقيد | |
| Resource For college | Humanities: English |
| Arrived date list | July2019 |
| 655 ## - مصطلح تكشيفى-نوع/شكل | |
| التقسيم الفرعي الشكلي | Reading book |
| 700 1# - المدخل الاضافى - اسم شخصى | |
| الإسم الشخصى | هارون، عبد السلام محمد، |
| التواريخ المصاحبة للاسم | 1909-1988، |
| الدور | محقق. |
| 942 ## - عناصر المدخل الإضافي( كوها) | |
| مصدر التصنيف او مخطط الترفيف | Dewey Decimal Classification |
| Koha [default] item type | Book - Borrowing |
| حالة التراجع | حالة الفقد | مصدر التصنيف او خطة الترفيف | حالة تلف | ليس للاعارة | مجموعات كوها | المكان الدائم | المكان الحالي | موقع الترفيف | تاريخ الاكتساب | Source of acquisition | رقم الاستدعاء | الباركود | Date last seen | نوع الوعاء |
|---|---|---|---|---|---|---|---|---|---|---|---|---|---|---|
| Dewey Decimal Classification | Alef-Baa | Central Library | Central Library | Second Floor | 20/08/2009 | Purchase | 892.7634 ج ا ح | 000018000 | 15/07/2025 | Book - Borrowing | ||||
| Dewey Decimal Classification | Alpha | Central Library | Central Library | Second Floor | 20/08/2009 | Purchase | 892.7634 ج ا ح | 000018001 | 15/07/2025 | NB - Book (Non borrowing) |